00490 a2200169 450000100060000002000180000604000370002410000330006124000300009424500250012430000090014936200090015865000240016794200070019195201050019899900170030372804 a9788598553191 cAnchieta - Colégio São Paulo aCedraz, Antônio Luiz Ramos10aA lamparina mágicalpor10aA lamparina mágica a[12]0 a2007 4aLiteratura infantil cBK 00104070a88.1b88.1d2023-11-22l0oLI 028.5 C389lp2564/CSPr2023-11-22 14:29:18w2023-11-22yBK c72804d72804